000 00969nam0a22002411 4500
001 rc\350924
005 20030307122555.6
035 _a(NLR Aleph) 005565471
090 _a5956293
_c5956293
100 _a20030307d1989 u |0rusy50 ca
101 0 _arus
102 _aRU
105 _aa |||||||||
200 1 _aДиагностика, лечение и профилактика инфекционных болезней животных Казахстана
_e[Сб. ст.]
_fАлма-Ат. зоовет. ин-т
_g[Редкол.: Сабденов К.С. (гл. ред.) и др.]
210 _aАлма-Ата
_cБ. и.
_d1989
215 _a134, [2] с.
_cил.
_d20
702 1 _aСабденов
_bК. С.
_gКалдыбек Сабденович
_4340
712 0 2 _aАлма-Атинский зооветеринарный ин-т
_3RU\NLR\AUTH\889917916
801 0 _aRU
_bNLR
_gpsbo
801 1 _aRU
_bELAR
_2rusmarc
852 _aNLR
_j89-3/12746
942 _cBOOK
980 _aNB